000 00998nam a2200253Ia 4500
001 ebr5001007
003 CaPaEBR
006 m u
007 cr cn|||||||||
008 000808s2001 ilu s 000 0 eng d
040 _aCaPaEBR
_cCaPaEBR
035 _a(OCoLC)680632980
050 1 4 _aB3994
_b.O6 2001eb
100 1 _aSpinoza, Benedictus de,
_d1632-1677.
245 1 0 _aOn the improvement of the understanding
_h[electronic resource] /
_cby Baruch Spinoza (Benedict de Spinoza).
260 _aChampaign, IL :
_bProject Gutenberg,
_c2001.
300 _a29 p.
533 _aElectronic reproduction.
_bPalo Alto, Calif. :
_cebrary,
_d2010.
_nAvailable via World Wide Web.
_nAccess may be limited to ebrary affiliated libraries.
650 0 _aPhilosophy.
650 0 _aPhilosophy, Modern.
655 7 _aElectronic books.
_2local
710 2 _aebrary, Inc.
856 4 0 _uhttp://site.ebrary.com/lib/rucke/Doc?id=5001007
_zAn electronic book accessible through the World Wide Web; click to view
999 _c3160
_d3160